000 00267nam a2200121Ia 4500
003 OSt
005 20240813123915.0
040 _cLIBRARY OF CONGRESS
050 _aT58.6 .B3 2012
100 _aBIDGOLI HOSSEIN
245 0 _aMIS INSTRUCTOR'S EDITION
942 _cBK
_2ddc
999 _c202478
_d202478